| 000 | 00466nam a2200181Ia 4500 | ||
|---|---|---|---|
| 008 | 170705s9999 xx 000 0 und d | ||
| 020 | _a439564220 | ||
| 245 | _aX-traordinary x-tremes / | ||
| 245 | _cMary Packard ; illustrated by Leanne Franson. | ||
| 260 | _aNew York : | ||
| 260 | _bScholastic, | ||
| 260 | _c2003 | ||
| 300 | _a86 pages : | ||
| 300 | _bcolor illustration ; | ||
| 300 | _c19cm. | ||
| 440 | _aRipley's believe it or not! | ||
| 500 | _a1140 | ||
| 999 |
_c336298 _d336298 |
||